| 000 | 00475nam a2200193Ia 4500 | ||
|---|---|---|---|
| 003 | LK-CoDNM | ||
| 008 | 010623t1954 xxu||||| |||| 00| 1 sin d | ||
| 040 |
_aLK-CoDNM _dLK-CoDNM _eLK-CoDNM |
||
| 041 | _asin | ||
| 080 | _a176RAN | ||
| 100 | _aRanawaka,Dharmasiri. | ||
| 245 | _aප්රේම කලාව | ||
| 246 | _aPrema Kalawa | ||
| 260 |
_bSri Lanka Laboratary _aGall _c1954 |
||
| 300 | _bv,162p., 15 cm | ||
| 650 | _aLove | ||
| 650 | _aWomen | ||
| 942 | _cBK | ||
| 999 |
_c103642 _d103642 |
||